00473nam a2200157 a 450000500170000000800410001702000180005805000170007610000190009324500680011226000530018030000230023344000200025665000160027665000230029220140412111320.0010404s19uu xx 00 eng d a0-7214-1691-8 aERbSl1 1993 aBaxter, Nicola aSleeping Beauty /cby Nicola Baxter; illustrated by Gavin Rowe. aLeicestershire, UK :bLadybird Books Ltd,c1993. a1 v. (unp.) ; ill. aFavourite Tales aFairy Tales aChildren's stories